R v Newbury DC ex parte Stevens and Partridge (Record no. 38181)

MARC details
000 -LEADER
fixed length control field 01514cab a2200193 4500
001 - CONTROL NUMBER
control field ABS47315
008 - FIXED-LENGTH DATA ELEMENTS--GENERAL INFORMATION
fixed length control field 090401t1992 xxu||||| |||| 00| 0 eng d
035 ## - SYSTEM CONTROL NUMBER
System control number (Sirsi) u61581
041 ## - LANGUAGE CODE
Language code of text/sound track or separate title eng
245 ## - TITLE STATEMENT
Title R v Newbury DC ex parte Stevens and Partridge
260 ## - PUBLICATION, DISTRIBUTION, ETC.
Date of publication, distribution, etc. 1992
350 ## - PRICE (NR) (BK AM CF MU VM SE) [OBSOLETE]
Price 0
490 ## - SERIES STATEMENT
Series statement Journal of Planning and Environment Law
Volume/sequential designation 1992 JPL 1056-1064(5)
520 ## - SUMMARY, ETC.
Summary, etc. QBD 13 March 1992. Outline planning permission was granted for the construction of a hotel, sports facilities and link road. Conditions were attatched to the permission requiring the submission of full details of the layout, siting and design of the buildings, access and landscaping within three years. A separate condition provided for a landscaping scheme. The applicants, S, did not submit an application for reserved matters until March 1988. The planning authority had however changed their minds about the suitability of the scheme. In October 1988 the Director of Planning Services wrote to S saying that the landscaping details were unsatisfactory but that it proposed to issue the reserved matters consent with conditions relating to the submission of details of this scheme. In Autumn 1989 other developers sought planning consent on the site for housing. At the inquiry the council stated that S`s permission had lapsed as there had been no full approval of reserved matters within the
650 ## - SUBJECT ADDED ENTRY--TOPICAL TERM
Topical term or geographic name entry element OUTLINE PLANNING PERMISSION
690 ## - LOCAL SUBJECT ADDED ENTRY--TOPICAL TERM (OCLC, RLIN)
Topical term or geographic name as entry element PLANNING LAW AND PRACTICE-CASE LAW
942 ## - ADDED ENTRY ELEMENTS (KOHA)
Suppress in OPAC 0
948 ## - LOCAL PROCESSING INFORMATION (OCLC); SERIES PART DESIGNATOR (RLIN)
c (OCLC) 04/03/1997
Holdings
Withdrawn status Lost status Source of classification or shelving scheme Damaged status Not for loan Home library Current library Shelving location Date acquired Total Checkouts Full call number Barcode Date last seen Copy number Price effective from Koha item type
    Dewey Decimal Classification     London London Journal article 14/09/1999   ABS47315 61581-1001 06/08/2019 1 06/08/2019 Law report